000 00261nam a22000977a 4500
008 231128b |||||||| |||| 00| 0 eng d
082 _aA - N /
_bWILR6
100 _aWilde, Oscar
_eAutor
_941972
245 _aEl retrato de dorian gray
_cOscar Wilde
942 _2ddc
999 _c30449
_d16833